Mastering Cloud Computing: (Record no. 203558)

MARC details
000 -LEADER
fixed length control field 00824nam a22002417a 4500
005 - DATE AND TIME OF LATEST TRANSACTION
control field 20240612165315.0
010 ## - LCCN (DPL NO)
LC control number ENG-140591
020 ## - INTERNATIONAL STANDARD BOOK NUMBER
International Standard Book Number 9789355329509
Terms of availability 750.00
035 ## - SYSTEM CONTROL NUMBER
System control number EN-124123
037 ## - SOURCE OF ACQUISITION
Source of stock number/acquisition DBAD
082 ## - DEWEY DECIMAL CLASSIFICATION NUMBER
Classification number 004.67
Edition number 2
100 ## - MAIN ENTRY--PERSONAL NAME
Personal name Buyya, Rajkumar
245 ## - TITLE STATEMENT
Title Mastering Cloud Computing:
Remainder of title Powering AI, Big Data, And Lot Applications/
Statement of responsibility, etc By Rajkumar Buyya...[et.al]
250 ## - EDITION STATEMENT
Edition statement 2
260 ## - PUBLICATION, DISTRIBUTION, ETC. (IMPRINT)
Place of publication, distribution, etc Chennai
Name of publisher, distributor, etc Mc Graw Hill Education
Date of publication, distribution, etc 2024
270 ## - ADDRESS
Address 444/1,Sri Ekambara Naicker Industrial Estate, Alapakkam Porur
City Chennai
Postal code 600116
300 ## - PHYSICAL DESCRIPTION
Extent xviii, 510p.
Dimensions 24cm(pbk)
Other physical details index
700 ## - ADDED ENTRY--PERSONAL NAME
Personal name Vecchiola, Christian
9 (RLIN) 67418
700 ## - ADDED ENTRY--PERSONAL NAME
Personal name Selvi, Thamarai
9 (RLIN) 67419
700 ## - ADDED ENTRY--PERSONAL NAME
Personal name Poojara, Shivananda
9 (RLIN) 67420
700 ## - ADDED ENTRY--PERSONAL NAME
Personal name Srirama, Satish N
9 (RLIN) 67421
942 ## - ADDED ENTRY ELEMENTS (KOHA)
Source of classification or shelving scheme Dewey Decimal Classification
Item type English Books
Classification part 004.67
Call number suffix BUY
Edition 2
Holdings
Withdrawn status Lost status Not for loan Collection code Home library Current library Date acquired Source of acquisition Cost, normal purchase price Full call number Barcode Copy number Cost, replacement price Koha item type
      Non-fiction Central Library Central Library 12/06/2024 DBAD 750.00 004.67 BUY EN-124123 1 750.00 English Books

© Delhi Public Library
Hit Counter
free hit counter